01126nam a2200193Ia 4500001001100000003001000011008004100021040002500062041001300087100002000100245002100120250001100141260008900152300001200241500026400253501011400517520026400631650003700895L100-51698IT-CnALBA170116s9999||||xx |||||||||||||| ||und|| aIT-CnALBAcIT-CnALBA aITALIANO aSENECA L. ANNEO 0aLETTERE MORALI.  a1a ed. a CAVALLERMAGGIOREbGRIBAUDO EDIZIONI c1993 [1° Ed.:1993 - Ed.Ling.Originale: 1993] a335 p.  aTRADUZIONE E NOTE DI TORCHIO C. TESTO LATINO A FRONTE. LA VIOLENZA. LA MASSA. IL MALE. LA SCHIAVITÙ. IL SUPERFLUO. IL SENSO DELLA VITA. LA SAGGEZZA. POVERTÀ. VITA ATTIVA E CONTEMPLATIVA. IL BENE. L'AMICIZIA. IL TEMPO. LA VECCHIAIA. MORTE. DESTINO. DIO. LI aSocietà San Paolo EM - Piazza San Paolo, 14 - 12051 ALBA (CN) (non commercial uses only) ® Copyright 2017 aTRADUZIONE E NOTE DI TORCHIO C. TESTO LATINO A FRONTE. LA VIOLENZA. LA MASSA. IL MALE. LA SCHIAVITÙ. IL SUPERFLUO. IL SENSO DELLA VITA. LA SAGGEZZA. POVERTÀ. VITA ATTIVA E CONTEMPLATIVA. IL BENE. L'AMICIZIA. IL TEMPO. LA VECCHIAIA. MORTE. DESTINO. DIO. LI aFILOSOFIA E DISCIPLINE COLLEGATE